000 00541nam a2200181Ia 4500
999 _c32628
_d32628
003 OSt
005 20201014111628.0
008 190216s9999||||xx |||||||||||||| ||und||
020 _a9788178796352
040 _coclc
082 _a617.1027
_bKUM/S
100 _aKumar, Rajeev
_95703
245 0 _aSports Medicine And Exercise Physiology /
_cRajeev Kumar
260 _bSports Publication,
_c2011.
_aNew Delhi:
300 _a319p
650 _aPhysical Education
942 _cBK
_2ddc
_h617.1027
_iKUM/S
_k617.1027
_mKUM/S